Guess the Taylor Swift Song with No Hints - 31 - Statistics

General Stats
  • This quiz has been taken 55 times
  • The average score is 425 of 500
Answer Stats
Answer % Correct
I
100%
in
100%
it
100%
me
100%
my
100%
a
98%
and
98%
And
98%
be
98%
Be
98%
is
98%
on
98%
that
98%
who
98%
you,
98%
you
98%
You
98%
your
98%
for
96%
If
96%
if
96%
I'll
96%
it's
96%
love
96%
the
96%
to
96%
too
96%
where
96%
at
94%
go
94%
I'm
94%
(I'm
94%
know
94%
like
94%
of
94%
when
94%
But
91%
can
91%
'Cause
91%
'Cause,
91%
over,
91%
over
91%
(over)
91%
So
91%
this
91%
was
91%
been?
89%
could
89%
Don't
89%
down
89%
Got
89%
got
89%
one
89%
baby
87%
baby,
87%
flames
87%
gonna
87%
how
87%
look
87%
"Oh,
87%
oh,
87%
(oh)
87%
Or
87%
tell
87%
we're
87%
You're
87%
blank
85%
forever
85%
game,
85%
game
85%
God,
85%
play?"
85%
say
85%
she?"
85%
space,
85%
all
83%
didn't,
83%
didn't
83%
ex-lovers
83%
face
83%
insane
83%
(insane)
83%
insane)
83%
list
83%
long
83%
meet
83%
next
83%
Nice
83%
no
83%
only
83%
pain
83%
read
83%
Saw
83%
there
83%
They'll
83%
want
83%
We'll
83%
what
83%
worth
83%
incredible
81%
Love's
81%
magazine
81%
mistake
81%
name
81%
see
81%
show
81%
things
81%
thought
81%
wanna
81%
write
81%
you'll
81%
Boys
79%
come,
79%
come
79%
I've
79%
players
79%
warn
79%
with
79%
ends
77%
friends
77%
leave
77%
let's
77%
make
77%
New
77%
time
77%
torture
77%
way
77%
(yeah)
77%
daydream
74%
dressed
74%
Grab
74%
heaven,
74%
hey,
74%
high
74%
King,
74%
Magic,
74%
nightmare
74%
out
74%
passport
74%
sin
74%
ya
74%
bad
72%
darling,
72%
far
72%
get
72%
girl
72%
good
72%
hand
72%
madness,
72%
money,
72%
Queen
72%
take
72%
young,
72%
young
72%
about
70%
drunk
70%
dying
70%
each
70%
heard
70%
nasty
70%
reckless
70%
Rumors
70%
scar
70%
suit
70%
tie
70%
weekend
70%
Ain't
68%
back
68%
breathless,
68%
funny?
68%
jealousy
68%
month
68%
worst
68%
yet
68%
Find
66%
guys
66%
turn
66%
filled
64%
fly
64%
perfect
64%
Rose
64%
Screaming,
64%
tables
64%
crying,
62%
garden
60%
It'll
60%
storms
60%
thorns
60%
guessing
53%
Keep
53%
second
53%
mm
49%
Wait,
49%
crystal
47%
lies
47%
skies
47%
(ooh)
45%
pretty
45%
kisses,
43%
Stolen
43%
lips,
40%
Cherry
38%
Ay
36%
thisway
4%
hide
0%
No matching quizzes found
Score Distribution
Percent of People with Each Score
Percentile by Number Answered
Your Score History
You have not taken this quiz